Score 0/12 Timer 01:00
2 Plays Today
% Correct
Europe
90.7%
Europe
89.3%
Asia
86%
North America
85%
Asia
83.6%
North America
80.7%
South America
79.9%
North America
78.8%
Oceania
72.1%
Africa
44.8%
Oceania
40.6%
Africa
15.8%

Today's Daily Dose

You're not logged in!

Compare scores with friends on all Sporcle quizzes.
OR
Log In

Sporcle TV

Today on Sporcle TV


Watch our educational content, quiz creation guides, and fun videos on Sporcle TV.

Show Comments

Extras

Top Quizzes Today


Score Distribution

Paid Content

Your Account Isn't Verified!

In order to create a playlist on Sporcle, you need to verify the email address you used during registration. Go to your Sporcle Settings to finish the process.

Report this User

Report this user for behavior that violates our Community Guidelines.

Details: